000 00476nam a2200193Ia 4500
003 OSt
005 20220514095642.0
008 210210b1995 xxu||||| |||| 00| 0 eng d
040 _aAL
_c
041 _aEnglish
082 _a650 REDB
100 _aREDDY (P N) and others.
_936910
245 _aBusiness studies -1 I PUC
260 _aBombay
_bHimalaya Publishing House
_c1995
300 _a234
690 _aBusiness Studies
_936912
906 _a049738
942 _2ddc
_cBK
999 _c98397
_d98397